000 00807nam a2200217 a 4500
001 4128
005 20140414131852.0
008 090209s19uu xx 00 eng d
020 _a0-8239-3786-0
050 _aM 629.28
_bG82 2003
100 _aGreenberger, Robert
245 _aCool careers without college for people who love to drive /
_cby Robert Greenberger.
250 _a1st ed.
260 _aNew York :
_bThe Rosen,
_cc2003.
300 _a144 p. : col., ill. cm.
440 _aCool careers without college
500 _aIncludes bibliographical references and index.
520 _aExplores the job descriptions, education and training focus on driving and do not require a college education.
650 _aMotor vehicle driving
_xVocational guidance.
_xJuvenile literature.
999 _c110268
_d110268